|
|
|
|
| LEADER |
00000nab a2200000 a 4500 |
| 001 |
vtls000738101 |
| 003 |
SK-MaSNL |
| 005 |
20260303200226.0 |
| 008 |
140422c2000 xo 0 slo |
| 015 |
|
|
|a SNBRB2000/11-27489
|
| 035 |
|
|
|a CLN000089967
|
| 040 |
|
|
|a SNKBUCL
|b slo
|c SNKBUCL
|e AACR2
|
| 041 |
0 |
|
|a slo
|
| 044 |
|
|
|a xo
|c SK
|
| 080 |
|
|
|a 800.6:808.54
|2 1997
|
| 080 |
|
|
|a 808.54-06
|2 1997
|
| 100 |
1 |
|
|a Žiačko, Ignác
|4 aut
|9 1230056
|
| 245 |
1 |
0 |
|a Jazykový prútik LT
|c Ignác Žiačko
|
| 650 |
0 |
7 |
|a slovenčina
|2 snkbucl
|9 1350
|
| 650 |
0 |
7 |
|a jazyková kultúra
|2 snkbucl
|9 1395
|
| 655 |
|
7 |
|a články z novín a časopisov
|2 snkbucl
|9 267496
|
| 773 |
0 |
|
|t Literárny týždenník
|g Roč. 13, č. 25 (2000), s. 9
|x 0862-5999
|
| 850 |
|
|
|a Slovenská národná knižnica v Martine
|
| 852 |
|
|
|a SNK
|b KIS3GCP
|
| 958 |
|
|
|a SK
|
| 992 |
|
|
|a RBX
|
| 999 |
|
|
|c 2167213
|d 2169143
|